Simdy Pani / (Record no. 525341)
[ view plain ]
| 000 -LEADER | |
|---|---|
| fixed length control field | 00476nam a22001817a 4500 |
| 003 - CONTROL NUMBER IDENTIFIER | |
| control field | NUST |
| 005 - DATE AND TIME OF LATEST TRANSACTION | |
| control field | 20190701071635.0 |
| 038 ## - RECORD CONTENT LICENSOR | |
| Staff Name | Faiza |
| 082 ## - DEWEY DECIMAL CLASSIFICATION NUMBER | |
| Classification number | 891.421 |
| Author Mark | QAM |
| 100 ## - MAIN ENTRY--PERSONAL NAME | |
| Personal name | Qamar, Shoukat Ali |
| 9 (RLIN) | 15996 |
| 245 ## - TITLE STATEMENT | |
| Title | Simdy Pani / |
| Statement of responsibility, etc. | Shoukat Ali Qamar |
| 260 ## - PUBLICATION, DISTRIBUTION, ETC. | |
| Place of publication, distribution, etc. | Lahore; |
| Name of publisher, distributor, etc. | Adarah Punjabi Likharian, |
| Date of publication, distribution, etc. | 2014. |
| 300 ## - PHYSICAL DESCRIPTION | |
| Extent | 144p. ; |
| 500 ## - GENERAL NOTE | |
| General note | Hard Cover |
| 880 ## - ALTERNATE GRAPHIC REPRESENTATION | |
| Linkage | 100-01\r |
| Title | شوکت علی قمّر |
| 880 ## - ALTERNATE GRAPHIC REPRESENTATION | |
| Linkage | 245-02\r |
| Title | /سِمدے پانی |
| 942 ## - ADDED ENTRY ELEMENTS (KOHA) | |
| Source of classification or shelving scheme | |
| Koha item type | Book |
| Withdrawn status | Lost status | Source of classification or shelving scheme | Damaged status | Not for loan | Permanent Location | Current Location | Date acquired | Total Checkouts | Full call number | Barcode | Date last seen | Price effective from | Koha item type |
|---|---|---|---|---|---|---|---|---|---|---|---|---|---|
| Central Library (CL) | Central Library (CL) | 07/01/2019 | 891.421 QAM | CL-E-1044 | 07/01/2019 | 07/01/2019 | Book |
